| 000 | 00377nam a2200145Ia 4500 | ||
|---|---|---|---|
| 008 | 210719s1939 xx 000 0 und d | ||
| 041 | _aeng | ||
| 082 | _a824.914 REAS | ||
| 100 | _aREADER'S DIGEST. | ||
| 245 | _aSecrets & stories of the war.V1. | ||
| 260 |
_aLondon _bReaders Digest Association Ltd., _c1939 |
||
| 300 |
_a360 _bPB |
||
| 365 | _cRs | ||
| 650 | _aEnglish Prose | ||
| 999 |
_c212978 _d212978 |
||